| Tag |
First Indicator |
Second Indicator |
Subfields |
| LEADER |
00000cam a2200000ua 4500 |
| 001 |
in00001405095 |
| 005 |
20151020065920.0 |
| 008 |
831026s1982 cu 000 1 spa d |
| 010 |
|
|
|a 83166407
|
| 019 |
|
|
|a 09716933
|a 14440752
|a 17074116
|
| 035 |
|
|
|a (OCoLC)15929476
|
| 035 |
|
|
|9 AHP7915AM
|
| 040 |
|
|
|a MNU
|c MNU
|d DLC
|d ZGM
|d AZU
|d TXA
|d UtOrBLW
|
| 049 |
|
|
|a TXAM
|
| 090 |
|
|
|a PQ7440.V37
|b E5 1982
|
| 100 |
1 |
|
|a Vega, Ana Lydia,
|d 1946-
|
| 245 |
1 |
0 |
|a Encancaranublado :
|b y otros cuentos de naufragio /
|c Ana Lidia Vega.
|
| 264 |
|
1 |
|a Ciudad de La Habana :
|b Casa de las Américas,
|c 1982.
|
| 300 |
|
|
|a 82 pages ;
|c 20 cm.
|
| 336 |
|
|
|a text
|b txt
|2 rdacontent
|
| 337 |
|
|
|a unmediated
|b n
|2 rdamedia
|
| 338 |
|
|
|a volume
|b nc
|2 rdacarrier
|
| 490 |
1 |
|
|a Premio Casa de las Américas. Cuento
|
| 830 |
|
0 |
|a Premio Casa de las Américas.
|p Cuento.
|
| 948 |
|
|
|a c:ktn
|
| 999 |
|
|
|a MARS
|
| 999 |
f |
f |
|s 18886a20-0d00-32b2-aea8-1732c62bdb1f
|i 35dbf993-5ff9-332b-b835-81323142a072
|t 0
|
| 952 |
f |
f |
|p normal
|a Texas A&M University
|b College Station
|c Sterling C. Evans Library
|s Evans stk
|d Evans: Library Stacks
|t 0
|e PQ7440.V37 E5 1982
|h Library of Congress classification
|i unmediated -- volume
|m A14822437165
|
| 998 |
f |
f |
|a PQ7440.V37 E5 1982
|t 0
|l Evans: Library Stacks
|